01095 2200337 4500001002100000005001500021035002000036007000300056008004100059020002200100040002200122082001900144084002100163090002200184090002500206100003500231245014100266250003500407300005500442650002700497850001200524504003100536264003200567336002100599337003000620338002300650999002200673990002200695990002000717990002000737INLIS00000000086110720220907100612 a0010-0621000642ta210615s2020 yoia gr 0 ind d a978-623-02-0614-6 aYOPDYOGbinderda04223a720.959826 a720.959826 IBN p aCB-D.11 2020-1890 aCOE 720.959826 IBN p0 aIbnu Rustamajid1993-epenulis10aPengaruh perkembangan bangunan indis terhadap sosial dan budaya masyarakat Kabupaten Boyolali tahun 1910-1915 /cpenulis, Ibnu Rustamaji aCetakan pertama: Februari 2020 axx, 92 halaman :bilustrasi, gambar, foto ;c29 cm 4aArsitektur--zBoyolali aYOPDYOG aBibliografi: halaman 88-9131aSleman :bDeepublish,c2020 2rdacontentateks 2rdamediaatanpa perantara 2rdacarrieravolume aCB-D.11/2020-1890 aCB-D.11/2020-1890 a45612-PD/B.2022 a45613-PD/B.2022